Teens and libraries : getting it right /

Bibliographic Details
Main Author: Walter, Virginia A.
Corporate Author: NetLibrary, Inc
Other Authors: Meyers, Elaine E.
Format: eBook
Language:English
Published: Chicago : American Library Association, [2003]
Subjects:
Online Access:Connect to the full text of this electronic book

MARC

Tag First Indicator Second Indicator Subfields
LEADER 00000cam a2200000Ia 4500
001 in00002005672
005 20220105141841.0
006 m d
007 cr cnu---unuuu
008 040623s2003 ilu sb 001 0 eng d
020 |a 0838998518 (electronic bk.) 
035 |a (OCoLC)ocm55701363 
040 |a N$T  |c N$T  |d UtOrBLW 
043 |a n-us--- 
049 |a IKMN 
050 1 4 |a Z718.5  |b .W36 2003eb 
082 0 4 |a 027.62/6  |2 22 
100 1 |a Walter, Virginia A.  |0 http://id.loc.gov/authorities/names/n91126215 
245 1 0 |a Teens and libraries :  |b getting it right /  |c Virginia A. Walter, Elaine E. Meyers. 
264 1 |a Chicago :  |b American Library Association,  |c [2003] 
264 4 |c ©2003 
300 |a ix, 154 pages ;  |c 23 cm. 
336 |a text  |b txt  |2 rdacontent 
337 |a computer  |b c  |2 rdamedia 
338 |a online resource  |b cr  |2 rdacarrier 
504 |a Includes bibliographical references (pages 141-148) and index. 
533 |a Electronic reproduction.  |b Boulder, Colo. :  |c NetLibrary,  |d 2004.  |n Available via World Wide Web.  |n Access may be limited to NetLibrary affiliated libraries. 
500 |a Electronic resource. 
650 0 |a Young adults' libraries  |z United States. 
650 0 |a Libraries and teenagers  |z United States.  |0 http://id.loc.gov/authorities/subjects/sh2009129667 
650 0 |a Teenagers  |z United States  |x Books and reading. 
650 0 |a Young adult services librarians  |z United States. 
655 7 |a Electronic books.  |2 local 
700 1 |a Meyers, Elaine E.  |0 http://id.loc.gov/authorities/names/n2003043107 
710 2 |a NetLibrary, Inc.  |0 http://id.loc.gov/authorities/names/no99080690 
776 1 |c Original  |z 0838908578  |w (DLC) 2003009292  |w (OCoLC)52121404 
856 4 1 |u https://proxy.library.tamu.edu/login?url=http://www.netLibrary.com/urlapi.asp?action=summary&v=1&bookid=110060  |z Connect to the full text of this electronic book  |t 0 
994 |a 92  |b IKM 
999 |a MARS 
999 f f |s 469ce959-e758-31ef-aaf3-a4cbcef2a5f1  |i 7b2e4f35-9272-3ddc-b31e-0c8c613da18b  |t 0 
952 f f |a Texas A&M University  |b College Station  |c Electronic Resources  |d Available Online  |t 0  |e Z718.5 .W36 2003eb  |h Library of Congress classification 
998 f f |a Z718.5 .W36 2003eb  |t 0  |l Available Online